000 01223cam a2200361 a 4500
001 5962
003 FISKH
005 20250213082026.0
008 081222s2009 nyua c 000 1 eng
010 _a 2008053734
020 _a9780545055925 (hardcover : alk. paper)
020 _a9780545055932 (pbk.)
020 _a9780545055932
040 _aDLC
_cDLC
_dDLC
_beng
050 _aPZ7.Y3638 B
082 _a303
100 1 _aYee, Lisa
_d(1959-)
245 1 0 _aBobby vs. girls (accidentally) /
_cLisa Yee ; illustrated by Dan Santat.
246 3 _aBobby versus girls (accidentally)
250 _aThis edition first published in 2009
260 _aNew York :
_bScholastic,
_c2010.
300 _a170 pages :
_billustrations ;
_c20 cm.
505 _aP
520 _aWhen Bobby inadvertently gets into a fight with his best friend Holly, their disagreement develops into a boys versus girls war involving their whole fourth-grade class.
521 8 _a650
_bLexile
521 8 _aP
_bRaz-Plus
650 1 _aBest friends
_vFiction.
650 1 _aFriendship
_vFiction.
700 1 _aSantat, Dan
_eillustrator
906 _a7
_bcbc
_corignew
_d1
_eecip
_f20
_gy-gencatlg
942 _2ddc
_cBK
_n0
999 _c5962
_d5962